00564nam a2200193Ia 4500003000900000008004100009020001800050040001600068080002200084245005100106260004200157300001500199490002600214650004100240650002000281650002600301650001800327700002500345IN-BaIIA211028s9999 xx 000 0 eng d a90-277-0201-2 cIIA Library a082.2:52bIAU-S43 0aSolar magnetic fieldscedited by Robert Howard aDordrechtbD. Reidel Publishingc1971 axvi, 782p. aIAU Symposium; no. 43 aAstronomy and Astrophysics Thesaurus aMagnetic Fields aSolar Magnetic Fields aSolar Physics aHoward, Robert., ed.